Szegedi Kereskedelmi és Iparkamara jegyzőkönyve. - (1917) 3. sz.

Elmentve itt :
Bibliográfiai részletek
Dokumentumtípus: Folyóirat
Megjelent: 1917
Sorozat:Jegyzőkönyv a Szegedi Kereskedelmi és Iparkamarának ... tartott teljes üléséről
Online Access:http://misc.bibl.u-szeged.hu/21093
LEADER 00585nas a2200145 i 4500
001 misc21093
005 20191106112332.0
008 170630s1917 hu o 0|| zxx d
040 |a SZTE Miscellanea Repozitórium  |b hun 
041 |a zxx 
245 0 0 |a Szegedi Kereskedelmi és Iparkamara jegyzőkönyve. - (1917) 3. sz.  |h [elektronikus dokumentum] 
260 |c 1917 
490 0 |a Jegyzőkönyv a Szegedi Kereskedelmi és Iparkamarának ... tartott teljes üléséről 
561 |a Szegedi helytörténeti dokumentumok 
856 4 0 |u http://misc.bibl.u-szeged.hu/21093/1/szkik_1917_003.pdf  |z Dokumentum-elérés